KOHA-Header-6

Marketing Management South Asian Perspective (Record no. 10116)

000 -LEADER
fixed length control field 00279nam a2200109Ia 4500
100 ## - MAIN ENTRY--AUTHOR NAME
Personal name Philip Kotler
245 #0 - TITLE STATEMENT
Title Marketing Management South Asian Perspective
260 ## - PUBLICATION, DISTRIBUTION, ETC. (IMPRINT)
Place of publication India
Name of publisher S. Chand
Year of publication 2008
300 ## - PHYSICAL DESCRIPTION
Number of Pages 714
942 ## - ADDED ENTRY ELEMENTS (KOHA)
Koha item type Books
Holdings
Withdrawn status Lost status Collection code Permanent Location Current Location Shelving location Date acquired Full call number Accession Number Koha item type
    Marketing MAJU MAJU   2019-09-14 614.8 6222 Marketing

Powered by Koha